000 00371nam a2200169Ia 4500
001 3200
005 20260306144903.0
008 260306t9999||||xx |||||||||||||| ||spa||
041 _aESP
082 _a261.83
_bM22
100 _aManzone, Gianni
_eAUT
245 0 _aEl mercado
300 _apágs. :
_ccm.
650 _aGEN
654 _aCHU
942 _cLIB
_dJUS
_fJUS
_2ddc
_n
999 _c3200
_d3200